|
|
|
|
| LEADER |
01219nam a2200313 a 4500 |
| 001 |
GR-Patra14382 |
| 008 |
970529s1998 nyu e b 001 b eng d |
| 020 |
|
|
|a 0070085803
|
| 020 |
|
|
|a 0070085803
|z 0085803
|z 0085803
|
| 040 |
|
|
|a GrPaTEI
|b gre
|c GR-PaULI
|
| 040 |
|
|
|a GrPaTEI
|b gre
|c GR-PaULI
|
| 040 |
|
|
|a GrPaTEI
|b gre
|c GR-PaULI
|
| 050 |
|
|
|a TA684
|b .B8447 1998
|
| 082 |
|
0 |
|a 624.1821
|2 21
|
| 100 |
1 |
|
|a Bruneau, Michel,
|c Ph.D.
|
| 245 |
1 |
0 |
|a Ductile design of steel structures /
|c Michel Bruneau, Chia-Ming Uang, Andrew Whittaker.
|
| 260 |
|
|
|a New York :
|b McGraw-Hill,
|c c1998
|
| 300 |
|
|
|a xiii, 485 σ. :
|b εικ. ;
|c 24 εκ.
|
| 504 |
|
|
|a Περιλαμβάνει βιβλιογραφίες και ευρετήριο.
|
| 650 |
|
0 |
|a Building, Iron and steel
|
| 650 |
|
0 |
|a Steel, Structural
|x Ductility
|
| 650 |
|
0 |
|a Structural design
|
| 700 |
1 |
|
|a Uang, Chia-Ming
|
| 700 |
1 |
|
|a Whittaker, Andrew Stuart
|
| 710 |
0 |
|
|a McGraw-Hill
|
| 942 |
|
|
|2 ddc
|
| 952 |
|
|
|0 0
|1 0
|2 ddc
|4 0
|6 624_182100000000000_BRU
|7 0
|9 293433
|a LISK
|b LISK
|c BSC
|d 2021-01-17
|e 24
|f 0
|g 0.00
|l 0
|o 624.1821 BRU
|p 92410019276
|r 2021-01-17 00:00:00
|t 1
|w 2021-01-17
|y BK15
|x 20020103 0 1
|x GrPaTEI
|
| 971 |
|
|
|a .b26618977
|b 15-04-20
|c 23-09-16
|
| 999 |
|
|
|c 171478
|d 171478
|